| 000 -LEADER |
| fixed length control field |
00990nam a2200217Ia 4500 |
| 001 - CONTROL NUMBER |
| control field |
19442 |
| 003 - CONTROL NUMBER IDENTIFIER |
| control field |
GE_BSU |
| 008 - FIXED-LENGTH DATA ELEMENTS--GENERAL INFORMATION |
| fixed length control field |
181216s||||||||xx |||||||||||||| ||und|| |
| 040 ## - CATALOGING SOURCE |
| Transcribing agency |
GE_BSU |
| 080 ## - UNIVERSAL DECIMAL CLASSIFICATION NUMBER |
| Universal Decimal Classification number |
811.353(058) |
| 245 ## - TITLE STATEMENT |
| Title |
იბერიულ-კავკასიური ენათმეცნიერების წელიწდეული : Ежегодник Иберийско-Кавказского Языкознания : ANNUAL Of Ibero-Caucasian Linguistics IV |
| 245 ## - TITLE STATEMENT |
| Statement of responsibility, etc. |
სარედ. კოლ. ვ. აბაევი., შ. აფრიდონიძე., და სხვ.მთ.რედ:არნ.ჩიქობავა |
| 260 ## - PUBLICATION, DISTRIBUTION, ETC. |
| Place of publication, distribution, etc. |
თბილისი |
| 260 ## - PUBLICATION, DISTRIBUTION, ETC. |
| Name of publisher, distributor, etc. |
მეცნიერება |
| 260 ## - PUBLICATION, DISTRIBUTION, ETC. |
| Date of publication, distribution, etc. |
1977 |
| 300 ## - PHYSICAL DESCRIPTION |
| Extent |
393გვ;26სმ |
| 653 ## - INDEX TERM--UNCONTROLLED |
| Uncontrolled term |
ენათმეცნიერება |
| 653 ## - INDEX TERM--UNCONTROLLED |
| Uncontrolled term |
იბერიულ-კავკასიური წელიწდეული |
| 942 ## - ADDED ENTRY ELEMENTS (KOHA) |
| Koha item type |
წიგნი |